MARC

LEADER 00000nam0a2200000 4500
001 282028
005 20231101235447.0
020 |a RU  |b 84-62021 
035 |a (RuTPU)RU\TPU\book\305901 
090 |a 282028 
100 |a 20150128d1984 km y0rusy5003 ca 
101 0 |a rus 
102 |a RU 
105 |a a z 001zy 
200 1 |a Боевая авиационная техника. Летательные аппараты, силовые установки и их эксплуатация  |f В. Ф. Павленко [и др.]  |g под ред. В. Ф. Павленко, В. И. Жулева 
210 |a Москва  |c Воениздат  |d 1984 
215 |a 320 с. 
606 1 |a Военно-Воздушные войска  |2 stltpush  |3 (RuTPU)RU\TPU\subj\3252  |9 31699 
610 1 |a летательные аппараты 
610 1 |a авиационная техника 
610 1 |a аэродинамика 
610 1 |a динамика полета 
610 1 |a самолеты 
610 1 |a прямолинейное движение 
610 1 |a устойчивость 
610 1 |a управляемость 
610 1 |a вертолеты 
610 1 |a конструкции 
610 1 |a гидравлические системы 
610 1 |a пневматические системы 
610 1 |a авиационные двигатели 
610 1 |a силовые системы 
610 1 |a инженерные службы 
610 1 |a подготовка к работе 
610 1 |a надежность 
610 1 |a горючие материалы 
686 |a Ц65  |2 rubbk 
701 1 |a Павленко  |b В. Ф.  |g Виктор Федорович 
701 1 |a Дьяченко  |b А. А. 
701 1 |a Жулев  |b В. И. 
701 1 |a Колпаков  |b Б. К. 
702 1 |a Павленко  |b В. Ф.  |4 340 
702 1 |a Жулев  |b В. И.  |4 340 
801 0 |a RU  |b RuMRKP  |c 19950704  |g psbo 
801 1 |a RU  |b 63413507  |c 20150128 
801 2 |a RU  |b 63413507  |c 20170629  |g RCR 
942 |c BK